<?xml version="1.0" encoding="UTF-8"?>
<record
    xmlns:xsi="http://www.w3.org/2001/XMLSchema-instance"
    xsi:schemaLocation="http://www.loc.gov/MARC21/slim http://www.loc.gov/standards/marcxml/schema/MARC21slim.xsd"
    xmlns="http://www.loc.gov/MARC21/slim">

  <leader>02097nam a22002897a 4500</leader>
  <controlfield tag="003">NALT</controlfield>
  <controlfield tag="005">20250620095131.0</controlfield>
  <controlfield tag="008">240723b        th ||||| |||| 00| 0 tha d</controlfield>
  <datafield tag="020" ind1=" " ind2=" ">
    <subfield code="a">9786164390478</subfield>
  </datafield>
  <datafield tag="040" ind1=" " ind2=" ">
    <subfield code="a">NALT</subfield>
  </datafield>
  <datafield tag="090" ind1=" " ind2=" ">
    <subfield code="a">KU 26</subfield>
    <subfield code="b">&#xE28;365&#xE28; 2563</subfield>
  </datafield>
  <datafield tag="110" ind1="2" ind2=" ">
    <subfield code="a">&#xE28;&#xE32;&#xE25;&#xE0E;&#xE35;&#xE01;&#xE32;.</subfield>
    <subfield code="9">58687</subfield>
  </datafield>
  <datafield tag="245" ind1="1" ind2="0">
    <subfield code="a">&#xE28;&#xE32;&#xE25;&#xE0E;&#xE35;&#xE01;&#xE32; =</subfield>
    <subfield code="b">The Supreme Court /</subfield>
  </datafield>
  <datafield tag="246" ind1="3" ind2="1">
    <subfield code="a">The Supreme Court.</subfield>
  </datafield>
  <datafield tag="246" ind1="1" ind2="8">
    <subfield code="a">&#xE2B;&#xE19;&#xE31;&#xE07;&#xE2A;&#xE37;&#xE2D;&#xE17;&#xE35;&#xE48;&#xE23;&#xE30;&#xE25;&#xE36;&#xE01;&#xE40;&#xE1B;&#xE34;&#xE14;&#xE2D;&#xE32;&#xE04;&#xE32;&#xE23;&#xE17;&#xE35;&#xE48;&#xE17;&#xE33;&#xE01;&#xE32;&#xE23;&#xE28;&#xE32;&#xE25;&#xE0E;&#xE35;&#xE01;&#xE32;. </subfield>
  </datafield>
  <datafield tag="250" ind1=" " ind2=" ">
    <subfield code="a">&#xE1E;&#xE34;&#xE21;&#xE1E;&#xE4C;&#xE04;&#xE23;&#xE31;&#xE49;&#xE07;&#xE41;&#xE23;&#xE01;.</subfield>
  </datafield>
  <datafield tag="260" ind1=" " ind2=" ">
    <subfield code="a">&#xE01;&#xE23;&#xE38;&#xE07;&#xE40;&#xE17;&#xE1E;&#xE2F; :</subfield>
    <subfield code="b">&#xE28;&#xE32;&#xE25;&#xE0E;&#xE35;&#xE01;&#xE32;,</subfield>
    <subfield code="c">2563.</subfield>
  </datafield>
  <datafield tag="300" ind1=" " ind2=" ">
    <subfield code="a">196 &#xE2B;&#xE19;&#xE49;&#xE32; :</subfield>
    <subfield code="b">&#xE20;&#xE32;&#xE1E;&#xE1B;&#xE23;&#xE30;&#xE01;&#xE2D;&#xE1A; ;</subfield>
    <subfield code="c">31 &#xE0B;&#xE21;.</subfield>
  </datafield>
  <datafield tag="505" ind1="2" ind2=" ">
    <subfield code="a">&#xE01;&#xE33;&#xE2B;&#xE19;&#xE14;&#xE01;&#xE32;&#xE23; -- &#xE04;&#xE33;&#xE01;&#xE23;&#xE32;&#xE1A;&#xE1A;&#xE31;&#xE07;&#xE04;&#xE21;&#xE17;&#xE39;&#xE25;&#xE42;&#xE14;&#xE22;&#xE1B;&#xE23;&#xE30;&#xE18;&#xE32;&#xE19;&#xE28;&#xE32;&#xE25;&#xE0E;&#xE35;&#xE01;&#xE32; -- &#xE2A;&#xE33;&#xE19;&#xE36;&#xE01;&#xE43;&#xE19;&#xE1E;&#xE23;&#xE30;&#xE21;&#xE2B;&#xE32;&#xE01;&#xE23;&#xE38;&#xE13;&#xE32;&#xE18;&#xE34;&#xE04;&#xE38;&#xE13; -- &#xE1E;&#xE23;&#xE30;&#xE21;&#xE2B;&#xE32;&#xE01;&#xE23;&#xE38;&#xE13;&#xE32;&#xE18;&#xE34;&#xE04;&#xE38;&#xE13;&#xE02;&#xE2D;&#xE07;&#xE1E;&#xE23;&#xE30;&#xE1A;&#xE32;&#xE17;&#xE2A;&#xE21;&#xE40;&#xE14;&#xE47;&#xE08;&#xE1E;&#xE23;&#xE30;&#xE40;&#xE08;&#xE49;&#xE32;&#xE2D;&#xE22;&#xE39;&#xE48;&#xE2B;&#xE31;&#xE27;&#xE15;&#xE48;&#xE2D;&#xE28;&#xE32;&#xE25;&#xE22;&#xE38;&#xE15;&#xE34;&#xE18;&#xE23;&#xE23;&#xE21; -- &#xE2A;&#xE32;&#xE23;&#xE2D;&#xE14;&#xE35;&#xE15;&#xE1B;&#xE23;&#xE30;&#xE18;&#xE32;&#xE19;&#xE28;&#xE32;&#xE25;&#xE0E;&#xE35;&#xE01;&#xE32; -- &#xE17;&#xE33;&#xE40;&#xE19;&#xE35;&#xE22;&#xE1A;&#xE1C;&#xE39;&#xE49;&#xE1A;&#xE23;&#xE34;&#xE2B;&#xE32;&#xE23;&#xE28;&#xE32;&#xE25;&#xE0E;&#xE35;&#xE01;&#xE32; -- &#xE15;&#xE23;&#xE32;&#xE41;&#xE1C;&#xE48;&#xE19;&#xE14;&#xE34;&#xE19;&#xE41;&#xE25;&#xE30;&#xE18;&#xE07;&#xE1B;&#xE23;&#xE30;&#xE18;&#xE32;&#xE19;&#xE28;&#xE32;&#xE25;&#xE0E;&#xE35;&#xE01;&#xE32; -- &#xE08;&#xE32;&#xE01;&#xE1E;&#xE23;&#xE30;&#xE1A;&#xE23;&#xE21;&#xE23;&#xE32;&#xE0A;&#xE27;&#xE34;&#xE19;&#xE34;&#xE08;&#xE09;&#xE31;&#xE22; -- &#xE40;&#xE25;&#xE48;&#xE32;&#xE02;&#xE32;&#xE19;&#xE2D;&#xE32;&#xE04;&#xE32;&#xE23;&#xE28;&#xE32;&#xE25;&#xE0E;&#xE35;&#xE01;&#xE32; -- &#xE04;&#xE25;&#xE35;&#xE48;&#xE04;&#xE25;&#xE32;&#xE22;&#xE2D;&#xE23;&#xE23;&#xE16;&#xE04;&#xE14;&#xE35; -- &#xE40;&#xE2A;&#xE32;&#xE2B;&#xE25;&#xE31;&#xE01;&#xE02;&#xE2D;&#xE07;&#xE1B;&#xE23;&#xE30;&#xE0A;&#xE32; -- &#xE17;&#xE34;&#xE28;&#xE17;&#xE32;&#xE07;&#xE08;&#xE32;&#xE01;&#xE2D;&#xE14;&#xE35;&#xE15;&#xE2A;&#xE38;&#xE48;&#xE1B;&#xE31;&#xE08;&#xE08;&#xE38;&#xE1A;&#xE31;&#xE19; -- &#xE40;&#xE04;&#xE35;&#xE22;&#xE07;&#xE2D;&#xE22;&#xE39;&#xE48;&#xE04;&#xE39;&#xE48;&#xE28;&#xE32;&#xE25;&#xE0E;&#xE35;&#xE01;&#xE32;.</subfield>
  </datafield>
  <datafield tag="610" ind1="2" ind2="0">
    <subfield code="a">&#xE28;&#xE32;&#xE25;&#xE0E;&#xE35;&#xE01;&#xE32;.</subfield>
    <subfield code="9">58687</subfield>
  </datafield>
  <datafield tag="650" ind1=" " ind2="4">
    <subfield code="a">&#xE2B;&#xE19;&#xE31;&#xE07;&#xE2A;&#xE37;&#xE2D;&#xE17;&#xE35;&#xE48;&#xE23;&#xE30;&#xE25;&#xE36;&#xE01;</subfield>
    <subfield code="9">59900</subfield>
  </datafield>
  <datafield tag="942" ind1=" " ind2=" ">
    <subfield code="c">LB</subfield>
    <subfield code="2">local</subfield>
  </datafield>
  <datafield tag="996" ind1=" " ind2=" ">
    <subfield code="a">chunbijaya.r</subfield>
    <subfield code="b">CATSTF	</subfield>
    <subfield code="c">2024-07-23</subfield>
  </datafield>
  <datafield tag="996" ind1=" " ind2=" ">
    <subfield code="a">saiphon.d</subfield>
    <subfield code="b">CATSTF	</subfield>
    <subfield code="c">2024-07-23</subfield>
  </datafield>
  <datafield tag="999" ind1=" " ind2=" ">
    <subfield code="c">105550</subfield>
    <subfield code="d">105550</subfield>
  </datafield>
  <datafield tag="998" ind1=" " ind2=" ">
    <subfield code="j">1020</subfield>
    <subfield code="k"> &#xE19;&#xE32;&#xE07;&#xE08;&#xE33;&#xE40;&#xE23;&#xE35;&#xE22;&#xE07;  &#xE23;&#xE30;&#xE27;&#xE31;&#xE07;&#xE2A;&#xE33;&#xE42;&#xE23;&#xE07;</subfield>
  </datafield>
  <datafield tag="952" ind1=" " ind2=" ">
    <subfield code="0">0</subfield>
    <subfield code="1">0</subfield>
    <subfield code="2">local</subfield>
    <subfield code="4">0</subfield>
    <subfield code="7">0</subfield>
    <subfield code="8">CLAW</subfield>
    <subfield code="a">NALT</subfield>
    <subfield code="b">NALT</subfield>
    <subfield code="c">LAW</subfield>
    <subfield code="d">2024-07-23</subfield>
    <subfield code="l">0</subfield>
    <subfield code="o">KU 26 &#xE28;365&#xE28; 2563</subfield>
    <subfield code="p">3961214307</subfield>
    <subfield code="r">2024-07-25 00:00:00</subfield>
    <subfield code="w">2024-07-23</subfield>
    <subfield code="y">LB</subfield>
  </datafield>
</record>
